00874nam a2200205 a 450000100100000000500170001000800410002704000250006810000380009324501750013126000700030630000280037649000280040465000310043265000280046365000230049170000320051495201050054699900170065100003686020200930080000.0120202s1997 ck a 000 0 spa d aDO-SdBNPbspacBNPHU1 aFlorián Borbón, Sandra96321710aEstrategias para implementar la creatividad :bsistema dinámico, integral y gradual del pensamiento creativo /cSandra Florián Borbón ; ilustraciones Beatriz Ozuna. aSantafé de Bogotá :bCooperativa Editorial Magisterio,c1997. a139 p. :bil. ;c22 cm.0 aColección Aula alegre24aPensamiento creativo9812424aAptitud creadora94086424aCreatividad9421831 aOzuna, Beatriz,eil.963218 001050718MOaGRbGRcCTd2012-02-02iLF1l0o p36860-10r2020-06-25w2020-06-25y1ZNo se presta c36351d36351